000 00546pab a2200181 454500
008 180718b2006 xxu||||| |||| 00| 0 eng d
100 _aNappi-Choulet, Ingrid
245 _aThe role and behaviour of commercial property investors and developers in French urban regeneration: the experience of the Paris region
260 _c2006
300 _ap.1511-535.
362 _aAug
650 _aHousing - France
650 _aUrban development - France
650 _aUrban development
773 _aUrban Studies
908 _aN
909 _a74988
999 _c74988
_d74988